Представление документа в формате RUSMARC

ПолеНазваниеЗначение
  Тип записи a
  Библиографический уровень a
001 Контрольный номер e53a21fef2fb41bcbbd3ac19bb148a79
005 Дата корректировки 20250219150312.0
100 Данные общей обработки __
a Данные общей обработки 20250219 ||| 0rusy0189 ca
101 Язык документа 0_
a Язык текста rus
102 Страна публикации __
a Страна публикации RU
200 Заглавие и сведения об ответственности 1_
a Заглавие Вулкан Эребус
e Сведения, относящиеся к заглавию [об экспедициях к антарктическому действующему вулкану Эребус и его уникальности]
f Первые сведения об ответственности Д. Торубаров
461 Уровень набора _0
1 2000
a Мурзилка
463 Уровень физической единицы _0
1 2000
b Текст
a № 2
v С. 20-21 : фот., ил.
1 2101
d 2025
1 001d8943e74a4ba4e269787a08d871577b8
600 Персоналии _1
a Персоналии (Фамилия) Росс
g Полное имя Джеймс Кларк
600 Персоналии _1
a Персоналии (Фамилия) Эджуорт
g Полное имя Дэвид
600 Персоналии _1
a Персоналии (Фамилия) Гирев
g Полное имя Дмитрий Семёнович
600 Персоналии _1
a Персоналии (Фамилия) Скотт
g Полное имя Роберт
606 Тематические рубрики 0_
a Основная рубрика Геологические науки
606 Тематические рубрики 0_
a Основная рубрика История географии и географических открытий
y Географическая подрубрика Росса, шельфовый ледник, Антарктида
z Хронологическая подрубрика 1 января 1841 г.
610 Ключевые слова 0_
a Ключевые слова вулканология, вулканы, вулканические острова, вулканы Антарктики, вулканы Антарктиды, экспедиции, полярные экспедиции, первооткрыватели, исследователи вулканов, экспедиции к полюсам, Эребус (вулкан), лавовые озёра, пещеры Антарктиды, экспедиция Росса, активные вулканы
686 Индексы других классификаций __
a Классификационный индекс 26.3
700 Автор _1
a Фамилия Торубаров
b Имя (инициалы) Д.
g Полное личное имя Дмитрий
801 Источник записи _0
a Страна RU
b Организация УОБДЮ
c Дата составления 20250219
g Правила каталогизации RCR
801 Источник записи _1
a Страна RU
b Организация УОБДЮ
c Дата составления 20250219
g Правила каталогизации RCR
901 Тип документа __
t Тип документа b
w Контрольный № источника d8943e74a4ba4e269787a08d871577b8
905 Данные по созданию БЗ __
b Логин пользователя, который создал БЗ ibo10